| 000 | 01408cam a22003855 4500 | ||
|---|---|---|---|
| 001 | 143722 | ||
| 003 | SpMaBN | ||
| 005 | 20250811065133.0 | ||
| 008 | 950919s1986 sp | ||| ||spa | ||
| 016 | 7 |
_abimoBNE19950260794 _2SpMaBN |
|
| 017 |
_aM 10204-1986 _bOficina Depósito Legal Madrid |
||
| 020 | _a8430912649 | ||
| 035 | _a(OCoLC)431208032 | ||
| 040 |
_aSpMaBN _bspa _cSpMaBN _erdc _dES-MaACL |
||
| 080 | _a347.746(460)"1985" | ||
| 080 | _a347.748(460)"1985" | ||
| 100 | 0 |
_aSerra Mallol, Antonio Jorge _0XX1091694 _9105641 |
|
| 245 | 1 | 0 |
_aLey cambiaria y del cheque : _bteoría y aplicación práctica / _cAntonio J. Serra Mallol ; prólogo de José Ramón Cano Rico |
| 260 |
_aMadrid : _bTecnos, _c1986 |
||
| 300 |
_a261 p. ; _c24 cm |
||
| 490 | 1 | _aPráctica jurídica | |
| 500 | _aÍndice | ||
| 504 | _aBibliografía: p. 259-261 | ||
| 650 | 7 |
_aLetras de cambio _zEspaña _9162588 |
|
| 650 | 7 |
_aCheques _zEspaña _9162589 |
|
| 710 | 1 |
_aEspaña. _tLey cambiaria y del cheque, 1985 _9227296 |
|
| 830 |
_aPráctica jurídica _9181804 |
||
| 942 |
_2udc _cMONOGRAFIA |
||
| 956 | _a1 2 | ||
| 980 |
_aM 10204-1986 _a84-309-1264-9 _aSpMaBN _bBNMADRID _j3/124503 _cSG_RECOLET |
||
| 980 |
_aM 10204-1986 _aSpMaBN _bBNALCALA _jAHM/88366 _cSG_PETANTI |
||
| 980 |
_aM 10204-1986 _a84-309-1264-9 _aSpMaBN _bBNALCALA _jDL/315782 _cCONSERVACI |
||
| 999 |
_c143722 _d143722 |
||